| 000 | 01113cam a22003375a 4500 | ||
|---|---|---|---|
| 999 |
_c26821 _d26793 |
||
| 001 | 015467348 | ||
| 003 | Uk | ||
| 005 | 20180719104148.0 | ||
| 008 | 090928t2010 njua frb 001 0 eng d | ||
| 015 |
_aGBB0C6286 _2bnb |
||
| 016 | 7 |
_a015467348 _2Uk |
|
| 020 | _a9780137029150 (pbk.) | ||
| 020 | _a0137029152 (pbk.) | ||
| 040 |
_aStDuBDS _beng _cStDuBDS _dUk _dEG-ScBUE |
||
| 042 | _aukblcatcopy | ||
| 082 | 0 | 4 |
_a658.4012 _bWHE _222 |
| 100 | 1 | 0 |
_aWheelen, Thomas L. _911715 |
| 245 | 1 | 0 |
_aStrategic management and business policy : _bachieving sustainability / _cThomas L. Wheelen, J. David Hunger. |
| 250 | _a12th ed., International ed. | ||
| 260 |
_aUpper Saddle River, N.J. ; _aLondon : _bPrentice Hall, _cc.2010. |
||
| 300 |
_a979 p. : _bill. (col.) ; _c26 cm. |
||
| 500 | _aPrevious ed. : 2008. | ||
| 500 | _aIncludes Student Access code card. | ||
| 504 | _aIncludes bibliographical references and index. | ||
| 650 | 7 |
_aStrategic planning. _2BUEsh |
|
| 651 | _2BUEsh | ||
| 653 |
_bBUSADM _cJuly2018 |
||
| 700 | 1 |
_aHunger, J. David, _d1941- _911719 |
|
| 856 | 0 | 4 | _uwww.mymanagementlab.com |
| 942 | _2ddc | ||